000 nam a22 a 4500
999 _c164753
_d164753
003 BLK
005 20221212132444.0
008 180410b bul|||||r ||||||| ||bul||
010 _aKNG00172297000
040 _aBLK
041 _aBUL
_cBUL
080 _aНемска литература
_b821.112.2
_x-31
_z821.112.2-31
100 1 _aГерстекер, Фридрих
_eпърви автор
_953702
139 _aГерстекер, Фридрих
_bГ 41
245 1 0 _aИзоставеният пиратски кораб
_bРоман за юноши
_cФридрих Герстекер; прев. от нем. Веселин Радков; худож. Владимир Иванов.
257 _aDEU
260 _aВарна
_bГеорги Бакалов
_c1981
_fСофия : Д. Благоев
300 _a120 с.
_bс ил.
_c22 см
380 _aX
500 _aОриг. загл. Das Wrack des Piraten. - 100 200 тир.
700 1 _aРадков, Веселин
_eпрев. от нем.
_9366179
700 1 _aИванов, Владимир
_eхудож.
_9364874
852 _aЦб 110062
856 4 _qpdf
_i0.00
_ldisable
856 4 _qpdf
_i0.00
_ldisable
942 _cKNG
_n0
_s1
944 _aCR
_c26.02.2015
_l26.02.2015 - от С1,Р / 26.02.2015
_kЛюбка_Николова
944 _aED
_c2022-12-12
_l2022-12-12
_kир
999 _d164753
999 _d164753